00913nam a2200277 i 4500001000300000003000400003005001700007008003900024015001800063020001500081040001400096041000800110080001900118080001200137100003700149245004500186250002500231260005600256300005600312504002400368521002900392655003000421650002900451710005700480856009800537bgBPK20200813100928.0010328s2000 pl a f f |001 0 pol aPB 2001/15586 a8385718672 aWA NcBPK0 apol a621.1.01:536.7 a(075.8)1 aSzargut, Jand(1923-2017)eAutor10aTermodynamika techniczna /cJan Szargut. aWyd. 3 popr. i uzup. aGliwice :bWydaw. Politechniki Śląskiej,c2000. a684, [3] s., [3] k. tabl. złoż. :bil. ;c24 cm. aBibliogr. - Indeks.8 aPodręcznik akademicki. 4aPodręczniki akademickie 4aTermodynamika techniczna2 aPolitechnika Śląska (Gliwice)bWydawnictwo4pbl. uhttp://koha.tu.koszalin.pl/cgi-bin/koha/opac-detail.pl?biblionumber=45095yKatalog online BPK